1975 1576 1852 1129 1663 1868 1632 1951 1048 1265 1386 1976 1967 1389 1527 1163 1613 1071 1879 1587 1338 1160 1715 1211 1338 1518 1477 1095 1049 1067 1049 1077 1970 1127 1351 1389 1169 1659 1661 1649 1345 1724 1660 1266 1304 1285 1565 1016 1512 1382 1859 1552 1321 1913 1080 1982 1728 1248 1524 1097 1849 1181 1745 1949 1342 1119 1102 1228 1881 1406 1703 1387 1092 1819 1149 1444 1298 1412 1824 1299 1692 1366 1089 1217 1736 1932 1010 1870 1953 1719 1604 1101 1789 1946 1875 1777 1664 1360 1737 BCNSPRNW ULIB Ver.6.0+V

เปลี่ยนเป็นภาษาไทย

Change to English
 แสดงรายละเอียดบรรณานุกรม
  กลับหน้าหลัก

Brief Record : Get Marc (ISO 2709) : E-mail record : QR code < ปิดหน้าต่าง
LEADER : 00000nam 2200000uu 4500
001    13399126619
003     ULIB
008    190124s2561||||th 000 0 tha d
020    ^a9786169129844
060  0 ^aWT100^bว837ป
100 0  ^aวีรศักดิ์ เมืองไพศาล, บรรณาธิการ
245 00 ^aประเด็นท้าทายและทางแก้สำหรับการสูงวัยอย่างมีสุขภาพดี =^bChallenges and Solutions for Healthy Aging /^cวีรศักดิ์ เมืองไพศาล, บรรณาธิการ
250    ^aพิมพ์ครั้งที่ 1 ( ราคา 400 บาท )
260    ^aกรุงเทพฯ:^bสมาคมพฤฒาวิทยาและเวชศาสตร์ผู้สูงอายุไทย,^c2561
300    ^a272 หน้า :^bภาพประกอบ ; ตาราง ;^c26 ซม.
505 0  ^a1. การเพิ่มศักยภาพการทำงานในผู้สูงวัย
505 0  ^a2. การออกกำลังกายที่เหมาะสมสำหรับผู้สูงอายุ
505 0  ^a3. หัวใจและหลอดเลือดในผู้สูงอายุ
505 0  ^a4. เมลาโทนินชะลอความชราและป้องกันสมองเสื่อม
505 0  ^a5. การเปลี่ยนแปลงของการรู้คิดในผู้สูงอายุ
505 0  ^a6. การป้องกันภาวะสมองเสื่อม
505 0  ^a7. กระดูกแข็งแรงเมื่อสูงวัย : โรคกระดูกพรุน
505 0  ^a8. ทำอย่างไรให้ข้อแข็งแรงในผู้สูงวัย
505 0  ^a9. หลักการใช้ยาในผู้สูงอายุ
505 0  ^a10. นโยบายที่สำคัญสำหรับผู้สูงอายุที่มีภาวะพึ่งพิง
505 0  ^a11. การดูแลแบบประคับประคองให้ประสบความสำเร็จ
650  7 ^aผู้สูงอายุ
650  7 ^aผู้สูงอายุ--สุขภาพและอนามัย
945    ^p400^l0^i004920
945    ^p400^l0^i004919
945    ^p400^l0^i004918
945    ^p400^l0^i004916
945    ^p400^l0^i004917
945    ^p400^l0^i004921
999    ^aประนอม เกษจรัล
รายการนี้ยังไม่มีแท็ก
คุณยังไม่ได้ล็อกอิน คุณสามารถมีกิจกรรมร่วมกับเว็บไซต์ได้ แต่ต้องล็อกอินก่อน ::
  ล็อกอิน

รายการสื่อสารสนเทศ

ลำดับที่ ประเภท เลขเรียก/บาร์โค้ด สถานที่ สถานะ
1. วิทยาศาสตร์การแพทย์ และสุขภาพ
หนังสือสำรอง
สถานะ=หนังสือสำรอง
WT100 ว837ป ฉ.1 
  Barcode: 004916
ห้องสมุดวิทยาเขตสวรรค์ประชารักษ์
►หนังสือทั่วไป
ถูกยืม กำหนดส่งวันที่ 13 สิงหาคม 2566
  จอง
2. วิทยาศาสตร์การแพทย์ และสุขภาพ
วิทยาศาสตร์การแพทย์ และสุขภาพ
WT100 ว837ป ฉ.2 
  Barcode: 004917
ห้องสมุดวิทยาเขตสวรรค์ประชารักษ์
►หนังสือทั่วไป
บนชั้น
3. วิทยาศาสตร์การแพทย์ และสุขภาพ
วิทยาศาสตร์การแพทย์ และสุขภาพ
WT100 ว837ป ฉ.3 
  Barcode: 004918
ห้องสมุดวิทยาเขตสวรรค์ประชารักษ์
►หนังสือทั่วไป
บนชั้น
4. วิทยาศาสตร์การแพทย์ และสุขภาพ
วิทยาศาสตร์การแพทย์ และสุขภาพ
WT100 ว837ป ฉ.4 
  Barcode: 004919
ห้องสมุดวิทยาเขตสวรรค์ประชารักษ์
►หนังสือทั่วไป
บนชั้น
5. วิทยาศาสตร์การแพทย์ และสุขภาพ
วิทยาศาสตร์การแพทย์ และสุขภาพ
WT100 ว837ป ฉ.5 
  Barcode: 004920
ห้องสมุดวิทยาเขตสวรรค์ประชารักษ์
►หนังสือทั่วไป
บนชั้น
6. วิทยาศาสตร์การแพทย์ และสุขภาพ
วิทยาศาสตร์การแพทย์ และสุขภาพ
WT100 ว837ป ฉ.6 
  Barcode: 004921
ห้องสมุดวิทยาเขตสวรรค์ประชารักษ์
►หนังสือทั่วไป
บนชั้น

รายการใกล้เคียง
    ผู้แต่ง [วีรศักดิ์ เมืองไพศาล, บรรณาธิการ]

    หัวเรื่อง [ผู้สูงอายุ]
    หัวเรื่อง [ผู้สูงอายุ--สุขภาพและอนามัย]

BibComment


ยังไม่เคยถูกคอมเมนท์

คอมเมนท์ทรัพยากรรายการนี้
  คอมเมนท์: ประเด็นท้าทายและ..


 Copyright 2026. Bcnsprnw @Library